It looks like you're offline.
Open Library logo
additional options menu

MARC record from Internet Archive

LEADER: 01175cam 2200373Ia 4500
001 ocm24260374
003 OCoLC
005 20220329215336.0
008 910820s1991 nyu 000 1 eng d
010 $a 2012429675
040 $aCGL$beng$cCGL$dSVP$dOCLCQ$dBAKER$dYDXCP$dCRU$dOCLCQ$dDLC$dMVS$dOCLCO
020 $a1558175423 :$c$4.95
020 $a9781558175426
035 $a(OCoLC)24260374
050 14 $aPS3563.O5857$bD47 1991
082 04 $a[FIC]$220
100 1 $aMorgan, J. M.
245 10 $aDesert eden /$cJ.M. Morgan.
260 $aNew York, N.Y. :$bWindsor,$c©1991.
300 $a352 pages ;$c18 cm
336 $atext$btxt$2rdacontent
337 $aunmediated$bn$2rdamedia
338 $avolume$bnc$2rdacarrier
490 0 $aPinnacle
490 0 $aPinnacle fiction
500 $a"Pinnacle books."
500 $a"An ecological thriller"--Cover.
650 0 $aScience fiction, American.
655 7 $aScience fiction.$2gsafd
938 $aBaker & Taylor$bBKTY$c4.95$d3.96$i1558175423$n0001952551$sactive
938 $aYBP Library Services$bYANK$n1177943
029 1 $aAU@$b000009578218
994 $aZ0$bP4A
948 $hNO HOLDINGS IN P4A - 29 OTHER HOLDINGS